MyGZULibrary

Sexual violence as a weapon of war? : (Record no. 3952)

MARC details
000 -LEADER
fixed length control field 03428cam a2200601 i 4500
001 - CONTROL NUMBER
control field 17884383
003 - CONTROL NUMBER IDENTIFIER
control field GZU
005 - DATE AND TIME OF LATEST TRANSACTION
control field 20210310143617.0
008 - FIXED-LENGTH DATA ELEMENTS--GENERAL INFORMATION
fixed length control field 130912t20132013enk b 001 0 eng d
010 ## - LIBRARY OF CONGRESS CONTROL NUMBER
LC control number 2013363706
016 7# - NATIONAL BIBLIOGRAPHIC AGENCY CONTROL NUMBER
Record control number 016420412
Source Uk
020 ## - INTERNATIONAL STANDARD BOOK NUMBER
International Standard Book Number 9781780321646 (hbk.)
020 ## - INTERNATIONAL STANDARD BOOK NUMBER
International Standard Book Number 1780321643 (hbk.)
020 ## - INTERNATIONAL STANDARD BOOK NUMBER
International Standard Book Number 9781780321639 (pbk.)
020 ## - INTERNATIONAL STANDARD BOOK NUMBER
International Standard Book Number 1780321635 (pbk.)
035 ## - SYSTEM CONTROL NUMBER
System control number (OCoLC)ocn824342486
040 ## - CATALOGING SOURCE
Original cataloging agency BTCTA
Language of cataloging eng
Transcribing agency BTCTA
Description conventions rda
Modifying agency BDX
-- YDXCP
-- CDX
-- OCLCO
-- Z@L
-- GWL
-- UKMGB
-- MUU
-- DLC
042 ## - AUTHENTICATION CODE
Authentication code lccopycat
043 ## - GEOGRAPHIC AREA CODE
Geographic area code f-cg---
050 00 - LIBRARY OF CONGRESS CALL NUMBER
Classification number KTX4545
Item number .B33 2013
082 04 - DEWEY DECIMAL CLASSIFICATION NUMBER
Classification number 364.1532
100 1# - MAIN ENTRY--PERSONAL NAME
Personal name Baaz, Maria Eriksson,
Relator term author.
245 10 - TITLE STATEMENT
Title Sexual violence as a weapon of war? :
Remainder of title perceptions, prescriptions, problems in the Congo and beyond /
Statement of responsibility, etc. Maria Eriksson Baaz and Maria Stern.
264 #1 - PRODUCTION, PUBLICATION, DISTRIBUTION, MANUFACTURE, AND COPYRIGHT NOTICE
Place of production, publication, distribution, manufacture London ;
-- New York, NY :
Name of producer, publisher, distributor, manufacturer Zed Books ;
Place of production, publication, distribution, manufacture Uppsala, Sweden :
Name of producer, publisher, distributor, manufacturer Nordic Africa Institute,
Date of production, publication, distribution, manufacture, or copyright notice [2013]
264 #2 - PRODUCTION, PUBLICATION, DISTRIBUTION, MANUFACTURE, AND COPYRIGHT NOTICE
Place of production, publication, distribution, manufacture New York :
Name of producer, publisher, distributor, manufacturer Palgrave Macmillan.
264 #4 - PRODUCTION, PUBLICATION, DISTRIBUTION, MANUFACTURE, AND COPYRIGHT NOTICE
Date of production, publication, distribution, manufacture, or copyright notice ©2013
300 ## - PHYSICAL DESCRIPTION
Extent vii, 157 pages ;
Dimensions 24 cm.
336 ## - CONTENT TYPE
Content type term text
Content type code txt
Source rdacontent
337 ## - MEDIA TYPE
Media type term unmediated
Media type code n
Source rdamedia
338 ## - CARRIER TYPE
Carrier type term volume
Carrier type code nc
Source rdacarrier
490 1# - SERIES STATEMENT
Series statement Africa now
504 ## - BIBLIOGRAPHY, ETC. NOTE
Bibliography, etc. note Includes bibliographical references (pages 135-152) and index.
505 0# - FORMATTED CONTENTS NOTE
Formatted contents note Sex/gender violence -- 'Rape as a weapon of war'? -- The messiness and uncertainty of warring -- Post-coloniality, victimcy and humanitarian engagement: being a good global feminist? -- Concluding thoughts and unanswered questions.
520 ## - SUMMARY, ETC.
Summary, etc. "All too often in conflict situations, rape is referred to as a 'weapon of war', a term presented as self-explanatory through its implied storyline of gender and warring. In this provocative but much-needed book, Eriksson Baaz and Stern challenge the dominant understandings of sexual violence in conflict and post-conflict settings. Reading with and against feminist analyses of the interconnections between gender, warring, violence and militarization, the authors address many of the thorny issues inherent in the arrival of sexual violence on the global security agenda. Based on original fieldwork in the Democratic Republic of the Congo, as well as research material from other conflict zones, Sexual Violence as a Weapon of War? challenges the recent prominence given to sexual violence, bravely highlighting various problems with isolating sexual violence from other violence in war. A much-anticipated book by two acknowledged experts in the field, on an issue that has become an increasingly important security, legal and gender topic."--Publisher's website.
650 #0 - SUBJECT ADDED ENTRY--TOPICAL TERM
Topical term or geographic name entry element Rape as a weapon of war
Geographic subdivision Congo (Democratic Republic)
650 #0 - SUBJECT ADDED ENTRY--TOPICAL TERM
Topical term or geographic name entry element Rape as a weapon of war.
650 #0 - SUBJECT ADDED ENTRY--TOPICAL TERM
Topical term or geographic name entry element Rape
Geographic subdivision Congo (Democratic Republic)
650 #0 - SUBJECT ADDED ENTRY--TOPICAL TERM
Topical term or geographic name entry element Rape.
650 #0 - SUBJECT ADDED ENTRY--TOPICAL TERM
Topical term or geographic name entry element Rape victims
Geographic subdivision Congo (Democratic Republic)
650 #0 - SUBJECT ADDED ENTRY--TOPICAL TERM
Topical term or geographic name entry element Rape victims.
650 #0 - SUBJECT ADDED ENTRY--TOPICAL TERM
Topical term or geographic name entry element Sex crimes
Geographic subdivision Congo (Democratic Republic)
650 #0 - SUBJECT ADDED ENTRY--TOPICAL TERM
Topical term or geographic name entry element Sex crimes.
650 #0 - SUBJECT ADDED ENTRY--TOPICAL TERM
Topical term or geographic name entry element War crimes
Geographic subdivision Congo (Democratic Republic)
650 #0 - SUBJECT ADDED ENTRY--TOPICAL TERM
Topical term or geographic name entry element War crimes.
650 #0 - SUBJECT ADDED ENTRY--TOPICAL TERM
Topical term or geographic name entry element Military art and science
Geographic subdivision Congo (Democratic Republic)
650 #0 - SUBJECT ADDED ENTRY--TOPICAL TERM
Topical term or geographic name entry element Military art and science.
700 1# - ADDED ENTRY--PERSONAL NAME
Personal name Stern, Maria,
Relator term author.
710 2# - ADDED ENTRY--CORPORATE NAME
Corporate name or jurisdiction name as entry element Nordiska Afrikainstitutet.
830 #0 - SERIES ADDED ENTRY--UNIFORM TITLE
Uniform title Africa now (Zed Books)
906 ## - LOCAL DATA ELEMENT F, LDF (RLIN)
a 7
b cbc
c copycat
d 2
e ncip
f 20
g y-gencatlg
942 ## - ADDED ENTRY ELEMENTS (KOHA)
Source of classification or shelving scheme Library of Congress Classification
Koha item type Books
Classification part 4545
Item part BAA
Call number prefix KTX
Call number suffix 1988
Holdings
Withdrawn status Lost status Damaged status Not for loan Collection code Home library Current library Shelving location Date acquired Total Checkouts Full call number Barcode Date last seen Copy number Price effective from Koha item type
        Non-fiction City Campus Library City Campus Library General Stacks 03/10/2021   KTX4545 BAA 1988 001735 03/10/2021 c.1 03/10/2021 Books